| 000 | 00491ntaaa2200193 4500 | ||
|---|---|---|---|
| 003 | 01 | ||
| 005 | 20251027202128.0 | ||
| 008 | 0714s1973 ag 01 | ||
| 020 | _a2825408387 | ||
| 040 |
_aAR-BaBN _bspa _cAR-BaBN _eaacr _dRIC |
||
| 082 | _a261.8344 B99w | ||
| 245 | _aBy our lives | ||
| 250 | _a1 ed. | ||
| 260 |
_aGeneva : _bWorld Council of Churches, _c1985 |
||
| 300 |
_a57p ; _cilu. : 24 cm |
||
| 650 | _amujeres-teologĂa | ||
| 650 |
_aconcilio mundial de iglesias _93998 |
||
| 942 | _cBK | ||
| 999 |
_c16181 _d16181 |
||